000 00363nam a2200133Ia 4500
008 231129s9999||||xx |||||||||||||| ||spa||
020 _a84-206-160l-X
040 _bspa
082 _aA863 B616hi
100 _aBioy Casares Adolfo
245 0 _aHistorias fantasticas
264 _aMadid EspaƱa : Alianza
942 _2ddc
_cBKS
999 _c15392
_d15392